| 000 | 00898cam a2200265 a 4500 | ||
|---|---|---|---|
| 001 | 000007156 | ||
| 005 | 20200929154100.0 | ||
| 008 | 800320s1963 ag a 000 0bspa d | ||
| 040 |
_aDO-SdBNP _bspa _cYOM _dDLC _dBNPHU |
||
| 041 | 1 | 7 |
_aspa _hcat _2Código de idioma MARC |
| 082 |
_a927.8 _bC334A |
||
| 100 | 1 |
_aAlavedra, Juan, _d1896- _919865 |
|
| 240 | 1 | 0 |
_aPau Casals. _lEspañol |
| 245 | 1 | 0 |
_aPablo Casals / _cJuan Alavedra ; traducción, Fernando Gutiérrez. |
| 260 |
_aBuenos Aires, (Argentina) : _bPlaza & Janes, _c1963. |
||
| 300 |
_a416 p. : _bil. ; _c21 cm. |
||
| 490 | 1 | _aAtlántico | |
| 534 |
_aTítulo original de la obra: _tPau Casals. |
||
| 600 | 1 | 4 |
_aCASALS, PABLO, _d1876-1973. _919866 |
| 650 | 4 |
_aVioloncellisas _zEspaña _vBIOGRAFÍA _919867 |
|
| 700 | 1 |
_aGutiérrez, Fernando, _etr. _94139 |
|
| 830 | 0 |
_aAtlantico. _919868 |
|
| 910 | _aCatalogación por copia / LC | ||
| 049 | _aBNGR | ||
| 999 |
_c6937 _d6937 |
||